00550nam a2200205 a 4500001001000000003000500010005001700015008004100032010001100073011001100084020001500095040000900110082001500119100002000134245007400154260005000228300001000278650003400288650002200322000114196CHAP20220329144430.0171116s1986 mx |r| ||||||spa d a110657 a111629 a9684280343 cCHAP04a261.1bH571 aHervada, Javier10aPrincipios de la doctrina social de la iglesia /cpor Javier Hervada. aMéxico, D.F. :bEditora de Revistas,c1986. a54 p.14aIglesia CatólicaxDoctrina.14aIglesia y Estado.